Score 0/80 Timer 02:00
3 Plays Today
Billions Country % Correct
$76United States
99.7%
$58United States
99.7%
$48United States
99.7%
$40United States
99.7%
$40United States
99.7%
$38United States
99.7%
$37United States
99.7%
$35United States
99.7%
$34United States
99.7%
$34United States
99.7%
$33United States
99.7%
$32United States
99.7%
$32United States
99.7%
$32United States
99.7%
$29United States
99.7%
$25United States
99.7%
$23United States
99.7%
$20United States
99.7%
$20United States
99.7%
$20United States
99.7%
$19United States
99.7%
$19United States
99.7%
$18United States
99.7%
$18United States
99.7%
$17United States
99.7%
$16United States
99.7%
$16United States
99.7%
$15United States
99.7%
$15United States
99.7%
$14United States
99.7%
$14United States
99.7%
$14United States
99.7%
$14United States
99.7%
$14United States
99.7%
$14United States
99.7%
$31China (Hong Kong)
93.9%
$22China (Hong Kong)
93.9%
$20China (Hong Kong)
93.9%
$16China (Hong Kong)
93.9%
$15China
93.8%
Billions Country % Correct
$13China
93.8%
$35France
91.5%
$34France
91.5%
$16France
91.5%
$14France
91.5%
$19Russia
88.8%
$18Russia
88.8%
$17Russia
88.8%
$17Russia
88.8%
$16Russia
88.8%
$15Russia
88.8%
$14Russia
88.8%
$25Germany
88.4%
$21Germany
88.4%
$19Germany
88.4%
$18Germany
88.4%
$17Germany
88.4%
$15Germany
88.4%
$14Germany
88.4%
$72Mexico
88.1%
$15Mexico
88.1%
$18Japan
87.9%
$18Japan
87.9%
$23Canada
86.2%
$20Brazil
80.3%
$16Brazil
80.3%
$64Spain
77.6%
$27Italy
75.9%
$19Italy
75.9%
$18Australia
74.4%
$19India
73.2%
$17India
73.2%
$15India
73.2%
$20Saudi Arabia
69.1%
$15Saudi Arabia
69.1%
$34Sweden
55.5%
$14Colombia
28.2%
$16Chile
27.8%
$25Nigeria
13.6%
$14Cyprus
4.1%

You're not logged in!

Compare scores with friends on all Sporcle quizzes.
OR
Log In

Sporcle TV

Today on Sporcle TV


Watch our educational content, quiz creation guides, and fun videos on Sporcle TV.

Show Comments

Extras

Top Quizzes Today


Score Distribution

Paid Content

Your Account Isn't Verified!

In order to create a playlist on Sporcle, you need to verify the email address you used during registration. Go to your Sporcle Settings to finish the process.

Report this User

Report this user for behavior that violates our Community Guidelines.

Details: